<?xml version="1.0" encoding="UTF-8"?><?xml-stylesheet type="text/xsl" href="static/style.xsl"?><OAI-PMH xmlns="http://www.openarchives.org/OAI/2.0/" xmlns:xsi="http://www.w3.org/2001/XMLSchema-instance" xsi:schemaLocation="http://www.openarchives.org/OAI/2.0/ http://www.openarchives.org/OAI/2.0/OAI-PMH.xsd"><responseDate>2026-04-14T03:11:21Z</responseDate><request verb="GetRecord" identifier="oai:www.recercat.cat:2072/535083" metadataPrefix="marc">https://recercat.cat/oai/request</request><GetRecord><record><header><identifier>oai:recercat.cat:2072/535083</identifier><datestamp>2024-12-11T14:34:38Z</datestamp><setSpec>com_2072_5164</setSpec><setSpec>com_2072_5163</setSpec><setSpec>col_2072_5169</setSpec></header><metadata><record xmlns="http://www.loc.gov/MARC21/slim" xmlns:dcterms="http://purl.org/dc/terms/" xmlns:xsi="http://www.w3.org/2001/XMLSchema-instance" xmlns:doc="http://www.lyncode.com/xoai" xsi:schemaLocation="http://www.loc.gov/MARC21/slim http://www.loc.gov/standards/marcxml/schema/MARC21slim.xsd">
   <leader>00925njm 22002777a 4500</leader>
   <datafield ind2=" " ind1=" " tag="042">
      <subfield code="a">dc</subfield>
   </datafield>
   <datafield ind2=" " ind1=" " tag="720">
      <subfield code="a">Fernández Gil de Avalle, Elena</subfield>
      <subfield code="e">author</subfield>
   </datafield>
   <datafield ind2=" " ind1=" " tag="260">
      <subfield code="c">2022</subfield>
   </datafield>
   <datafield ind2=" " ind1=" " tag="520">
      <subfield code="a">Aquest document recull una proposta de Dossier de Creativitat per a estudiants
universitaris, especialment per a aquells els graus dels quals es relacionin amb l'àmbit
de la Comunicació. Aquest es basa en exercicis per estimular la creativitat que
responguin a les competències específiques i genèriques que requereixen avui dia les
professions de l’àmbit mencionat.</subfield>
   </datafield>
   <datafield ind2=" " ind1=" " tag="520">
      <subfield code="a">El presente documento recoge una propuesta de dosier de creatividad para
estudiantes universitarios, especialmente para aquellos cuyos grados se relacionen
con el ámbito de la Comunicación. Este se basa en ejercicios para estimular la
creatividad que respondan a las competencias específicas y genéricas que requieren
hoy en día las profesiones de dicho ámbito.</subfield>
   </datafield>
   <datafield ind2=" " ind1=" " tag="520">
      <subfield code="a">This document includes a proposal for a Creativity Dossier for university students,
especially for those whose degrees are related to the field of Communication. This is
based on exercises to stimulate creativity that respond to the specific and generic skills
that professions in this field require nowadays.</subfield>
   </datafield>
   <datafield ind1="8" ind2=" " tag="024">
      <subfield code="a">http://hdl.handle.net/2072/535083</subfield>
   </datafield>
   <datafield ind2="0" ind1="0" tag="245">
      <subfield code="a">Propuesta de un dosier de creatividad para estudiantes universitarios</subfield>
   </datafield>
</record></metadata></record></GetRecord></OAI-PMH>